Počátky řeckého myšlení /

Hlavní autor: Vernant, Jean-Pierre, 1914-2007
Jazyk: Čeština
Vydáno: Praha : OIKOYMENH, 1995
Vydání: 2., opr. vyd.
Edice: Oikúmené (OIKOYMENH)
Témata:
Fyzický popis: 87 s. ; 21 cm
Knihy
Uloženo v:
LEADER 01866nam a2200457 a 4500
001 000843516
003 CZ BrMZK
005 20070309081303.0
007 ta
008 060531s1995 xr f 000 0 cze
015 |a cnb001657455 
020 |a 80-7298-183-8  |q (v knize neuvedeno :  |q brož.)  |z 80-85241-45-5 
040 |a ABA001  |b cze  |d BOA001 
041 1 |a cze  |h fre 
043 |a e-gr--- 
045 |a c8d5 
072 7 |a 14(3)  |x Antická, starověká filozofie  |2 Konspekt  |9 5 
080 |a 101.8  |2 MRF 
080 |a 321.15  |2 MRF 
080 |a 316.72/.75  |2 MRF 
080 |a 323  |2 MRF 
080 |a 94(38)  |2 MRF 
080 |a (048.8)  |2 MRF 
100 1 |a Vernant, Jean-Pierre,  |d 1914-2007  |7 skuk0005725  |4 aut 
245 1 0 |a Počátky řeckého myšlení /  |c Jean-Pierre Vernant ; [z francouzského originálu ... přeložil Miloš Rejchrt] 
250 |a 2., opr. vyd. 
260 |a Praha :  |b OIKOYMENH,  |c 1995 
300 |a 87 s. ;  |c 21 cm 
490 1 |a Oikúmené 
650 0 7 |a filozofické myšlení  |7 ph137813  |z starověké Řecko  |2 czenas 
650 0 7 |a polis  |7 ph137454  |2 czenas 
650 0 7 |a kultura a společnost  |7 ph122010  |z starověké Řecko  |2 czenas 
655 7 |a studie  |7 fd133597  |2 czenas 
651 7 |a starověké Řecko  |7 ge131513  |x dějiny  |y 12.-5. stol. př. Kr.  |2 czenas 
651 7 |a starověké Řecko  |7 ge131513  |x společnost a politika  |2 czenas 
765 0 |t Origines de la pensée grecque  |9 Česky 
830 0 |a Oikúmené (OIKOYMENH)  |0 s 
910 2 |a BOA001  |b 2-1181.813 
990 |a BK 
901 |a ISBN 80-85241-45-5  |c 9788085241457  |f 2., opr. vyd.  |g ISBN i čárový kód neplatné - duplicitní; platné ISBN náleží 2., opr. vyd.; navíc neoprávněně přiděleno - identifikátor náleží nakl. ISE. Praha, které vydalo 1. vyd.  |o 20060627 
996 6 |b 2610304221  |c 2-1181.813  |l MZK  |r Sklad / do 1 hodiny  |n 13  |p p.v.  |w 000843516  |u 000010  |a 1  |e BOA001  |j MZK50  |s P